00385nam a2200097Ia 4500008004100000100001700041245010400058260005200162650001200214856006100226160909s9999 xx 000 0 und d aBaxter, Mary aLife journeys of spiritual healers: A qualitative analysis of the life stories of spiritual healers bCalifornia Institute of Integral Studies.c2016 aNursing uhttp://pqdtopen.proquest.com/doc/1803306337.html?FMT=ABS